Statistics for Бивше државе

Click here to take the quiz!

General Stats

  • This quiz has been taken 654 times
  • The average score is 9 of 20

Answer Stats

ОписКрајДржава% Correct
Главни град је био Праг1992Чехословачка
93%
Подељена на 6 независних држава1991Југославија
93%
Заузели су горе наведени град1923Османско царство
82%
Источни Берлин је био главни град1990Источна Немачка
80%
Бивша суперсила1991Совјетски Савез
78%
Главни град је био Константинопољ1453Византија
77%
Налазила се у лагуни на северу Јадрана1797Млетачка република
53%
Држава на југоистоку Немачке1871Баварска
41%
Грчки град који Александар Велики
никад није покушао да освоји
146 п.н.еСпарта
40%
Изгубила три Пунска рата146 п.н.е.Картагина
39%
Прогласили независност од Мексика1845Тексас
38%
Слободан град између Пољске и Немачке1939Гдањск
33%
2014. су гласали против независности1707Шкотска
32%
Водио је Ото фон Бизмарк1871Прусија
32%
Титула владара ове државе је лама1950Тибет
29%
Јапанска марионетска држава у
североисточној Кини
1945Манџукуо
24%
Непризната држава која је претходила
Зимбабвеу
1979Родезија
15%
Ујединио се са Тангањиком1964Занзибар
13%
Освојен од стране Едварда Дугоногог1282Велс
12%
Постала четрнаеста држава САД-а1791Вермонт
4%

Score Distribution

Percentile by Number Answered

Percent of People with Each Score

Your Score History

You have not taken this quiz